A-Z Letter Chain - Statistics

General Stats
  • This quiz has been taken 45 times
    32 since last reset
  • The average score is 13 of 26
Answer Stats
Hint Answer % Correct
A slang of hello Hi
90%
A black and white striped animal Zebra
90%
On your knees Kneel
83%
A fourth of something Quarter
83%
A radiologist is experienced with this X-Ray
83%
An amphibian that can jump high Frog
76%
Unable to rest or relax Restless
72%
The shortened version of purple light Uv
72%
Something you do when you get too hairy Wax
72%
How much something has grown Growth
69%
Not, don’t want No
69%
Look at something from a certain perspective View
66%
Something you use to control an airplane Joystick
59%
An apparatus that is used to create cloth Loom
59%
Something that comes out at night Moon
59%
An Italian dessert flavoured like coffee Tiramisu
59%
A supernatural creature with big ears Elf
48%
Demand, you have to do something Command
38%
Simple, easy Basic
34%
The shortened version of ‘a benefit of a job’ Perq
21%
A way of saying the eleventh month on the Jewish calendar Ab
14%
The gap between two things Difference
7%
Nice, good person Sweet
7%
An organisation founded in Salzburg, Austria IAJ
3%
Over top of something Overlap
3%
Ineffectual, foolish, disagreeable Yutz
3%
No matching quizzes found
Score Distribution
Percent of People with Each Score
Percentile by Number Answered
Your Score History
You have not taken this quiz since the last reset